La internacionalización del capital en España, 1959-1977 / (Registro nro. 106059)

Detalles MARC
000 -LEADER
campo de control de longitud fija 00977nam a2200265 i 4500
001 - NÚMERO DE CONTROL
campo de control 106059
003 - IDENTIFICADOR DE NÚMERO DE CONTROL
campo de control ES-MaACL
005 - FECHA Y HORA DE LA ÚLTIMA TRANSACCIÓN
campo de control 20251115063249.0
007 - CAMPO FIJO DE DESCRIPCIÓN FÍSICA--INFORMACIÓN GENERAL
campo de control de longitud fija t|
008 - DATOS DE LONGITUD FIJA--INFORMACIÓN GENERAL
campo de control de longitud fija 060925s1978 sp ||||1| spa d
020 ## - NÚMERO INTERNACIONAL ESTÁNDAR DEL LIBRO
Número Internacional Estándar del Libro 84-229-0226-5
080 ## - NÚMERO DE LA CLASIFICACIÓN DECIMAL UNIVERSAL
Número de la Clasificación Decimal Universal 339.727.22(460)
100 1# - ENTRADA PRINCIPAL--NOMBRE DE PERSONA
Nombre de persona Muñoz, Juan,
Fechas asociadas al nombre 1937-2008
9 (RLIN) 171787
245 13 - MENCIÓN DEL TÍTULO
Título La internacionalización del capital en España, 1959-1977 /
Mención de responsabilidad, etc. Juan Muñoz, Santiago Roldán, Ángel Serrano.
260 ## - PUBLICACIÓN, DISTRIBUCIÓN, ETC.
Lugar de publicación, distribución, etc. Madrid :
Nombre del editor, distribuidor, etc. Cuadernos para el Diálogo,
Fecha de publicación, distribución, etc. 1978.
300 ## - DESCRIPCIÓN FÍSICA
Extensión 462 p. ;
Dimensiones 18 cm.
490 1# - MENCIÓN DE SERIE
Mención de serie Divulgación universitaria. Cuestiones españolas ;
Designación de volumen o secuencia 121
650 14 - PUNTO DE ACCESO ADICIONAL DE MATERIA--TÉRMINO DE MATERIA
Término de materia o nombre geográfico como elemento de entrada Inversiones extranjeras-
Subdivisión geográfica España.
9 (RLIN) 13889
700 1# - ENTRADA AGREGADA--NOMBRE PERSONAL
Nombre de persona Roldán, Santiago.
9 (RLIN) 99142
700 1# - ENTRADA AGREGADA--NOMBRE PERSONAL
Nombre de persona Serrano, Angel.
9 (RLIN) 105686
710 2# - ENTRADA AGREGADA--NOMBRE DE ENTIDAD CORPORATIVA
Nombre de entidad corporativa o nombre de jurisdicción como elemento de entrada Cuadernos para el Diálogo.
9 (RLIN) 3333
830 1# - PUNTO DE ACCESO ADICIONAL DE SERIE-TÍTULO UNIFORME
Título uniforme Divulgación universitaria. Cuestiones españolas ;
Designación de volumen o secuencia 121
9 (RLIN) 176519
852 ## - LOCALIZACIÓN
Ubicación ES-MaACL
Número de control de estantería AND-833
Nota libre - Biblioteca Juan Andrade
Existencias
Estatus retirado Estado de pérdida Estado de daño No para préstamo Biblioteca de origen Biblioteca actual Ubicación en estantería Fecha de adquisición Fuente de adquisición Total de préstamos Signatura topográfica completa Código de barras Visto por última vez Precio de reemplazo Tipo de ítem Koha
        Biblioteca del Ateneo de Madrid Biblioteca del Ateneo de Madrid Depósito 2 17/01/2008     AND-833 1110721 23/02/2023 23/02/2023 Libro impreso